00513nam a2200193 a 4500001001300000003000900013005001700022008004100039020001000080082001500090100001400105245006100119260003800180300000800218500003500226505001500261650002900276700001400305nice12345678IN_TiNIC20260116012424.0050524s1932 bana grp 000 0 urd  ac10000a232.1bWEL aWels, J O aKeya Yesu Nasiri Masih Hai? Ya Ham Doosre Ki Rah Dekhen? aBanglorebHindustani Churchc1932 a26p aincludes index and biblioraphy2 aRoman Urdu aJesus Christ-Messiahship1 aWels, J O